| 000 | 01219cam a22002653a 4500 | ||
|---|---|---|---|
| 001 | 1312 | ||
| 003 | PGUSA | ||
| 005 | 20140828082959.0 | ||
| 008 | 060503s2006||||xxu|||||s|||||000 1 eng d | ||
| 040 |
_aPGUSA _beng |
||
| 042 | _adc | ||
| 050 | 4 | _aPS | |
| 100 | 1 |
_aHarte, Bret, _d1836-1902 |
|
| 245 | 1 | 0 |
_aSelected Stories of Bret Harte _h[electronic resource] / _cBret Harte |
| 260 |
_bProject Gutenberg, _c2006 |
||
| 505 | 0 | _aThe luck of Roaring Camp -- The outcasts of Poker Flat -- Miggles -- Tennessee's partner -- The idyl of Red Gulch -- Brown of Calaveras -- High-water mark -- A lonely ride -- The man of no account -- Mliss -- The right eye of the commander -- Notes by flood and field -- An episode of Fiddletown -- Barker's luck -- a yellow dog -- A mother of five -- Bulger's reputation -- In the Tules -- A convert of the mission -- The indiscretion of Elsbeth -- The devotion of Enriquez. | |
| 506 | _aPublic domain in the USA. | ||
| 516 | _aElectronic text | ||
| 653 | _aCalifornia -- Social life and customs -- Fiction | ||
| 653 | _aWestern stories | ||
| 653 | _aShort stories, American | ||
| 830 | 0 |
_aProject Gutenberg _v1312 |
|
| 856 | 4 | 0 | _uhttp://www.gutenberg.org/ebooks/1312 |
| 942 | _cEB | ||
| 999 |
_c230660 _d230660 |
||